| 000 | 00637nam a22001937a 4500 | ||
|---|---|---|---|
| 005 | 20180504163605.0 | ||
| 010 | _aENG-122491 | ||
| 020 |
_a9789381950494 _c595.00 |
||
| 035 | _aEN-106023 | ||
| 037 | _bDBAD/PUB | ||
| 082 | _a503 | ||
| 245 |
_aMini dictionary : _ced. by Shyam Singh Tanwar [and] Mradulata _b(terms defined) / |
||
| 260 |
_aJaipur _bSankalp Prakashan _c2018 |
||
| 270 |
_a467, Badayon ka Chowk, Govindrao Ji Ka Rasta, Chanpole Bazar, _bJaipur _e302001 |
||
| 300 |
_a201p. _bill. _c20cm(Hb) |
||
| 490 | _aLifetime Science Companion Series No. 1 | ||
| 700 | _dMradulata | ||
| 942 |
_2ddc _cEN _mMIN _h503 |
||
| 999 |
_c150795 _d150795 |
||